Một số điều cần biết về pháp lý trong kinh doanh bảo hiểm
Những kiến thức cơ bản về bảo hiểm; Kinh doanh bảo hiểm và pháp lý về bảo hiểm với nội dung phong phú về các mặt nguyên lý bảo hiểm, tác dụng bảo hiểm, các loại hình bảo hiểm căn bản như: bảo hiểm tài sản, bảo hiểm con người .....
שמור ב:
| מחבר ראשי: | |
|---|---|
| פורמט: | ספר |
| שפה: | Undetermined |
| יצא לאור: |
Hà Nội
Thống kê
2000
|
| נושאים: | |
| תגים: |
הוספת תג
אין תגיות, היה/י הראשונ/ה לתייג את הרשומה!
|
| Thư viện lưu trữ: | Trung tâm Học liệu Trường Đại học Cần Thơ |
|---|
| LEADER | 00989nam a2200205Ia 4500 | ||
|---|---|---|---|
| 001 | CTU_39210 | ||
| 008 | 210402s9999 xx 000 0 und d | ||
| 020 | |c 22000 | ||
| 082 | |a 346.086 | ||
| 082 | |b L120 | ||
| 100 | |a Trương, Mộc Lâm | ||
| 245 | 0 | |a Một số điều cần biết về pháp lý trong kinh doanh bảo hiểm | |
| 245 | 0 | |c Trương Mộc Lâm, Lưu Nguyên Khánh | |
| 260 | |a Hà Nội | ||
| 260 | |b Thống kê | ||
| 260 | |c 2000 | ||
| 520 | |a Những kiến thức cơ bản về bảo hiểm; Kinh doanh bảo hiểm và pháp lý về bảo hiểm với nội dung phong phú về các mặt nguyên lý bảo hiểm, tác dụng bảo hiểm, các loại hình bảo hiểm căn bản như: bảo hiểm tài sản, bảo hiểm con người .. | ||
| 650 | |a Insurance | ||
| 904 | |i Nguyễn Quang Điền | ||
| 980 | |a Trung tâm Học liệu Trường Đại học Cần Thơ | ||